00916nmm a2200265Ia 4500008004100000020001800041041000800059100002900067245008700096264007900183300001800262490003000280650001400310700002900324700002900353700003000382700003100412700003600443700003000479700004100509700002500550856005100575942000700626999001700633251105s9999||||xx |||||||||||||||||und|| a9789587813548 aspa aDelgado Salazar, Ricardo 0aEducar para la paz: Fundamentos para la implementación de la Cátedra de la Paz a[Bogotá, Colombia] :bEditorial Pontificia Universidad Javeriana, c2019 a200 páginas aLibros de investigación aEducation aDelgado Salazar, Ricardo1 a Arias Campos, Rosa Ludy1 a Lara Salcedo, Luz Marina1 a Montagut Orozco, Carolina1 a Hilarión Madariaga, Mónica1 a Amorocho Herrera, Edward1 a Giraldo Álvarez, María Mercedes1 a Granados Rico, John uhttps://public.digitaliapublishing.com/a/68877 cCF c64658d64658